| 000 | 00505nam a2200181Ia 4500 | ||
|---|---|---|---|
| 003 | STCL | ||
| 008 | 230729s9999 xx 000 0 und d | ||
| 020 | _a9788131729700 | ||
| 040 |
_aSTCL _cSTCL _bEN |
||
| 082 | _222 | ||
| 100 | _aEvans, Alan | ||
| 245 | 0 | _aInformatics: technology in action | |
| 260 |
_bPearson _aNoida _c2011 |
||
| 365 | _b195 | ||
| 546 | _aEnglish | ||
| 700 | _aLamport, Leslie; Etter, Dolores; George, Darren; Laudon, Kenneth C; Rogers, Gary; Handel, Rainer | ||
| 942 |
_2DDC _e22 _cBK |
||
| 999 |
_c90065 _d90065 |
||